000 01268cam a2200349 a 4500
001 16571392
003 ARRUPE
005 20160119094836.0
008 101208s2010 enk b 001 0beng
010 _a 2010484433
015 _aGBB062247
_2bnb
016 7 _a015556310
_2Uk
020 _a9780199591640 (pbk.)
020 _a0199591644 (pbk.)
035 _a(OCoLC)ocn607987819
040 _aUKM
_cUKM
_dBTCTA
_dYDXCP
_dBWK
_dCDX
_dITJCU
_dNTE
_dWAU
_dDLC
042 _alccopycat
050 0 0 _aHB103.K47
_bS5728 2010
082 0 4 _a330.156092
_222
100 1 _aSkidelsky, Robert,
_d1939-
_921572
245 1 0 _aKeynes :
_ba very short introduction /
_cRobert Skidelsky.
260 _aOxford :
_bOxford University Press,
_c2010.
300 _a194 p. ;
_c18 cm.
490 1 _aVery short introductions ;
_v248
504 _aIncludes bibliographical references (p. 171-183) and index.
600 1 0 _aKeynes, John Maynard,
_d1883-1946.
_921573
650 0 _aKeynesian economics.
_92883
830 0 _aVery short introductions ;
_v248.
_921574
906 _a7
_bcbc
_ccopycat
_d2
_encip
_f20
_gy-gencatlg
942 _2lcc
_cMONOGRAPH
999 _c123959
_d123959